00647nam a22002297a 4500003000500000005001700005008004100022010001000063011001000073035001000083040000900093082001500102100002100117245008800138260003300226300001100259490003800270650001700308650003500325700001900360830003800379CHAP20220817041402.0971013s1978 hn r 00010 eng d a12928 a13900 a17972 cCHAP04a589.2bH4300aHeathcote, J. G.10aAflatoxins :bchemical and biological aspectsc/por J. G. Heathcote y J. R. Hibbert aAmsterdan :bElsevier,c1978 a212 p. aDevelopments in food sciencev; 114aAflatoxinas.14aHongosxExcreciones tóxicas.0 aHibbert, J. R.0 aDevelopments in food sciencev; 1